[Event "Olympiad Women-36"]
[Site "Mallorca"]
[Date "2004.10.28"]
[Round "13.2"]
[White "Costantini, Laura"]
[Black "Pourkashiyan, Atousa"]
[Result "1/2-1/2"]
[WhiteElo "2068"]
[BlackElo "2217"]
[PlyCount "77"]
[EventDate "2004.10.15"]
[EventType "team-swiss"]
[EventRounds "14"]
[EventCountry "ESP"]
[SourceTitle "CBM 102 Extra"]
[Source "ChessBase"]
[SourceDate "2004.11.03"]
[SourceVersion "1"]
[SourceVersionDate "2004.11.03"]
[SourceQuality "1"]
[WhiteTeam "Italy (W)"]
[BlackTeam "Iran (W)"]
[WhiteTeamCountry "ITA"]
[BlackTeamCountry "IRI"]

1. e4 e5 2. d4 exd4 3. Qxd4 Nc6 4. Qe3 Nf6 5. Bd2 Bb4 6. Nc3 0-0 7. 0-0-0 Re8 8. Bc4 Na5 9. Be2 d5 10. Nxd5 Nxd5 11. Qd3 Bxd2+ 12. Rxd2 Qh4 13. Qxd5 Nc6 14. Nf3 Qxe4 15. Qxe4 Rxe4 16. Bb5 Bg4 17. Bxc6 bxc6 18. Rhd1 Rae8 19. Rd3 Re2 20. R1d2 Kf8 21. b3 c5 22. Rxe2 Rxe2 23. Rd2 Re4 24. Rd8+ Ke7 25. Ra8 Bxf3 26. gxf3 Re2 27. Rxa7 Kd7 28. a4 Rxf2 29. Ra5 Kc6 30. Ra6+ Kd5 31. Ra7 Kc6 32. Ra6+ Kb7 33. Ra5 Rxf3 34. Rxc5 f5 35. b4 g5 36. Rb5+ Kc6 37. Rc5+ Kb7 38. Rb5+ Kc6 39. Rc5+ 1/2-1/2

[Event "Olympiad Women-36"]
[Site "Mallorca"]
[Date "2004.10.16"]
[Round "2.2"]
[White "Olarasu, Gabriela"]
[Black "Costantini, Laura"]
[Result "1-0"]
[WhiteElo "2325"]
[BlackElo "2068"]
[PlyCount "59"]
[EventDate "2004.10.15"]
[EventType "team-swiss"]
[EventRounds "14"]
[EventCountry "ESP"]
[SourceTitle "CBM 102 Extra"]
[Source "ChessBase"]
[SourceDate "2004.11.03"]
[SourceVersion "1"]
[SourceVersionDate "2004.11.03"]
[SourceQuality "1"]
[WhiteTeam "Romania (W)"]
[BlackTeam "Italy (W)"]
[WhiteTeamCountry "ROU"]
[BlackTeamCountry "ITA"]

1. d4 Nf6 2. Nf3 g6 3. g3 Bg7 4. Bg2 0-0 5. 0-0 d5 6. c4 c6 7. Qc2 Bf5 8. Qb3 Qb6 9. Nc3 dxc4 10. Qxc4 Ne4 11. e3 Na6 12. Nd2 Nxd2 13. Bxd2 Qxb2 14. Qe2 Rad8 15. Rab1 Bxb1 16. Rxb1 Qa3 17. Rb3 Qd6 18. Rxb7 Nb8 19. Rxa7 Bxd4 20. Ne4 Bxa7 21. Nxd6 Rxd6 22. Ba5 c5 23. Bf3 Bb6 24. Bc3 Rfd8 25. Qc4 Nc6 26. Qb5 Na7 27. Qb3 Rc8 28. Bd5 e6 29. Bc4 Rb8 30. Bb2 1-0

[Event "EU-chT (Women) 5th"]
[Site "Plovdiv"]
[Date "2003.10.17"]
[Round "6"]
[White "Kaps, Darja"]
[Black "Costantini, Laura"]
[Result "1-0"]
[WhiteElo "2202"]
[BlackElo "2075"]
[PlyCount "99"]
[EventDate "2003.10.10"]
[EventType "team-swiss"]
[EventRounds "9"]
[EventCountry "BUL"]
[SourceTitle "EXT 2020"]
[Source "ChessBase"]
[SourceDate "2019.10.17"]
[SourceVersion "1"]
[SourceVersionDate "2019.10.17"]
[SourceQuality "1"]
[WhiteTeam "Slovenia (W)"]
[BlackTeam "Italy (W)"]
[WhiteTeamCountry "SLO"]
[BlackTeamCountry "ITA"]

1. e4 c5 2. Nf3 d6 3. d4 cxd4 4. Nxd4 Nf6 5. Nc3 a6 6. Bd3 e5 7. Nde2 Be6 8. 0-0 Nbd7 9. Ng3 Be7 10. Kh1 Rc8 11. a4 0-0 12. h3 g6 13. Bh6 Re8 14. f4 exf4 15. Rxf4 Ne5 16. Qf1 Nfd7 17. Nf5 Bxf5 18. exf5 Bg5 19. Bxg5 Qxg5 20. Be4 Rc4 21. fxg6 hxg6 22. Rf2 Rc7 23. Bd5 Nf8 24. Ne4 Qd8 25. Nf6+ Kg7 26. Nxe8+ Qxe8 27. Re1 Ne6 28. b3 Qc8 29. c4 Qe8 30. a5 Re7 31. b4 Nd8 32. Rfe2 Qa4 33. Rb1 f5 34. Qf2 Qa3 35. Qb6 Rd7 36. Qd4 Qg3 37. b5 Kh6 38. Rf1 Qa3 39. Qf4+ Kh7 40. Rxe5 dxe5 41. Qxe5 Qd6 42. Qxd6 Rxd6 43. b6 Nc6 44. Bxc6 Rxc6 45. Rd1 Rxc4 46. Rd7+ Kh6 47. Rxb7 Rc5 48. Rb8 Kg5 49. Ra8 Kf4 50. Kh2 1-0

[Event "EU-ch U18 Girls"]
[Site "Budva"]
[Date "2003.09.21"]
[Round "8"]
[White "Zawadzka, Beata"]
[Black "Costantini, Laura"]
[Result "1-0"]
[WhiteElo "2255"]
[BlackElo "2075"]
[PlyCount "65"]
[EventDate "2003.09.13"]
[EventType "swiss"]
[EventRounds "9"]
[EventCountry "YUG"]
[SourceTitle "CBM 096 Extra"]
[Source "ChessBase"]
[SourceDate "2003.10.22"]
[SourceVersion "2"]
[SourceVersionDate "2003.10.20"]
[SourceQuality "1"]

1. e4 c5 2. Nf3 d6 3. d4 cxd4 4. Nxd4 Nf6 5. f3 e6 6. c4 Be7 7. Be3 a6 8. Nc3 0-0 9. Be2 Nbd7 10. 0-0 Re8 11. Qd2 Ne5 12. Kh1 Bf8 13. Rfd1 b6 14. a4 Bb7 15. a5 Rc8 16. axb6 Nxc4 17. Bxc4 Rxc4 18. Nb3 Qe7 19. Na5 Rcc8 20. Qd3 Ra8 21. Bg5 Reb8 22. Bxf6 gxf6 23. Ra4 Qd7 24. Qe3 Bg7 25. Rad4 Bf8 26. e5 fxe5 27. Qg5+ Bg7 28. Rxd6 Qe8 29. Nxb7 f6 30. Qg3 Rxb7 31. Ne4 Kh8 32. Nc5 Re7 33. b7 1-0

[Event "EU-ch U18 Girls"]
[Site "Budva"]
[Date "2003.09.17"]
[Round "5"]
[White "Partington, Anna G"]
[Black "Costantini, Laura"]
[Result "0-1"]
[WhiteElo "2065"]
[BlackElo "2075"]
[PlyCount "54"]
[EventDate "2003.09.13"]
[EventType "swiss"]
[EventRounds "9"]
[EventCountry "YUG"]
[SourceTitle "CBM 096 Extra"]
[Source "ChessBase"]
[SourceDate "2003.10.22"]
[SourceVersion "2"]
[SourceVersionDate "2003.10.20"]
[SourceQuality "1"]

1. d4 Nf6 2. Nf3 c5 3. d5 e6 4. Nc3 exd5 5. Nxd5 Nxd5 6. Qxd5 Be7 7. g3 0-0 8. Bg2 d6 9. 0-0 Nc6 10. Bf4 Be6 11. Qd2 h6 12. Rfd1 Qb6 13. c3 d5 14. Ne5 Bf6 15. Nxc6 bxc6 16. e4 Rfd8 17. Qc2 Rac8 18. e5 Be7 19. Qd2 d4 20. Be4 g5 21. Bxg5 hxg5 22. h4 dxc3 23. Qxc3 Rxd1+ 24. Rxd1 Rd8 25. Rxd8+ Qxd8 26. hxg5 Qd1+ 27. Kg2 Bd5 0-1

[Event "Olympiad Women-35"]
[Site "Bled"]
[Date "2002.11.05"]
[Round "10.1"]
[White "Caoili, Arianne"]
[Black "Costantini, Laura"]
[Result "1-0"]
[WhiteElo "2309"]
[BlackElo "2052"]
[PlyCount "61"]
[EventDate "2002.10.26"]
[EventType "team-swiss"]
[EventRounds "14"]
[EventCountry "SLO"]
[SourceTitle "EXT 2003"]
[Source "ChessBase"]
[SourceDate "2002.11.25"]
[SourceVersion "1"]
[SourceVersionDate "2002.11.25"]
[SourceQuality "1"]
[WhiteTeam "Philippines (W)"]
[BlackTeam "Italy (W)"]
[WhiteTeamCountry "PHI"]
[BlackTeamCountry "ITA"]

1. d4 Nf6 2. Nf3 g6 3. c4 Bg7 4. Nc3 d6 5. e4 0-0 6. Be2 e5 7. Be3 Na6 8. 0-0 Ng4 9. Bg5 Qe8 10. dxe5 h6 11. Bd2 dxe5 12. h3 Nf6 13. Be3 c6 14. c5 Nh5 15. Re1 Nc7 16. Qd6 Ne6 17. Nxe5 Nef4 18. Nf3 Bxc3 19. bxc3 Qxe4 20. Rad1 Be6 21. Rd4 Nxe2+ 22. Rxe2 Qb1+ 23. Re1 Qf5 24. Bxh6 Rfd8 25. Qxd8+ Rxd8 26. Rxd8+ Kh7 27. Be3 Nf4 28. Bd4 f6 29. Rf8 Nxh3+ 30. gxh3 Qxh3 31. Ng5+ 1-0

[Event "Olympiad Women-35"]
[Site "Bled"]
[Date "2002.10.31"]
[Round "6.1"]
[White "Costantini, Laura"]
[Black "Mouradian, Knarik Jacob"]
[Result "1-0"]
[WhiteElo "2052"]
[BlackElo "2103"]
[PlyCount "73"]
[EventDate "2002.10.26"]
[EventType "team-swiss"]
[EventRounds "14"]
[EventCountry "SLO"]
[SourceTitle "EXT 2003"]
[Source "ChessBase"]
[SourceDate "2002.11.25"]
[SourceVersion "1"]
[SourceVersionDate "2002.11.25"]
[SourceQuality "1"]
[WhiteTeam "Italy (W)"]
[BlackTeam "Lebanon (W)"]
[WhiteTeamCountry "ITA"]
[BlackTeamCountry "LBN"]

1. e4 c5 2. Nf3 d6 3. d4 cxd4 4. Qxd4 Nf6 5. Nc3 Nc6 6. Bb5 Bd7 7. Bxc6 Bxc6 8. Bg5 Nd7 9. 0-0-0 Qb6 10. Qd2 g6 11. Be3 Qa5 12. Bd4 Nf6 13. Bxf6 exf6 14. Qd4 Be7 15. Rhe1 0-0 16. Kb1 Rfc8 17. h4 Rc7 18. Nd5 Bxd5 19. exd5 Rac8 20. h5 Bf8 21. hxg6 hxg6 22. Re2 Bg7 23. Rde1 Kf8 24. Qe4 Qb5 25. Nd4 Qd7 26. g4 Rc4 27. c3 R4c7 28. f4 f5 29. gxf5 Bxd4 30. Qxd4 Qxf5+ 31. Ka1 f6 32. Re6 Kf7 33. Rxd6 Rc4 34. Qxa7 R8c7 35. Qb8 Qxf4 36. Qe8+ Kg7 37. Rh1 1-0

[Event "EU-ch U18 Girls"]
[Site "Peniscola"]
[Date "2002.10.06"]
[Round "7"]
[White "Costantini, Laura"]
[Black "Harbuz, Daniela"]
[Result "1/2-1/2"]
[WhiteElo "2047"]
[BlackElo "2077"]
[PlyCount "131"]
[EventDate "2002.09.29"]
[EventType "swiss"]
[EventRounds "9"]
[EventCountry "ESP"]
[SourceTitle "CBM 090 Extra"]
[Source "ChessBase"]
[SourceDate "2002.11.07"]
[SourceVersion "1"]
[SourceVersionDate "2002.11.07"]
[SourceQuality "1"]

1. e4 g6 2. d4 Bg7 3. Nc3 c6 4. Be3 Qb6 5. Rb1 d6 6. Nge2 Nf6 7. f3 Nbd7 8. Qd2 Qc7 9. g3 0-0 10. Bg2 e5 11. 0-0 Re8 12. Rbd1 Nb6 13. b3 Nbd7 14. dxe5 dxe5 15. Qd6 Qxd6 16. Rxd6 Bf8 17. Rd2 b6 18. Rfd1 Nc5 19. Bg5 Kg7 20. a4 Ne6 21. Be3 Bb4 22. Rc1 Ba6 23. Rdd1 Rad8 24. Bf1 Nd7 25. Na2 Be7 26. Rd2 Ng5 27. Kg2 f5 28. exf5 gxf5 29. Rcd1 Bc8 30. f4 Ne4 31. Rd3 Bc5 32. Bxc5 Nexc5 33. Rd6 Ne6 34. Nb4 Kf8 35. Kg1 Nb8 36. fxe5 c5 37. Rxd8 Nxd8 38. Nd3 Nf7 39. Nef4 Nc6 40. Bg2 Ncxe5 41. Rf1 Ng4 42. Bh3 Ne3 43. Rf2 Ng5 44. Bg2 Nxg2 45. Kxg2 Bb7+ 46. Kf1 Ne4 47. Re2 Ba6 48. c4 Bb7 49. Nf2 Ng5 50. Rxe8+ Kxe8 51. N4d3 Nf3 52. h4 Nd2+ 53. Ke2 Nxb3 54. Ke3 Ke7 55. Nh3 Bc6 56. Nb2 Nd4 57. Nf2 Ke6 58. Nfd3 Be4 59. a5 Nc2+ 60. Kd2 Bxd3 61. Nxd3 Nd4 62. axb6 axb6 63. Nb2 Nf3+ 64. Ke3 Ne5 65. Kf4 h5 66. Ke3 1/2-1/2

[Event "Lido degli Estensi op 3rd"]
[Site "Lido degli Estensi"]
[Date "2002.06.14"]
[Round "7"]
[White "Costantini, Laura"]
[Black "Brancaleoni, Maurizio"]
[Result "0-1"]
[WhiteElo "2058"]
[BlackElo "2246"]
[PlyCount "96"]
[EventDate "2002.06.07"]
[EventType "swiss"]
[EventRounds "9"]
[EventCountry "ITA"]
[SourceTitle "CBM 088 Extra"]
[Source "ChessBase"]
[SourceDate "2002.07.01"]
[SourceVersion "2"]
[SourceVersionDate "2002.07.01"]
[SourceQuality "1"]

1. e4 d6 2. d4 Nf6 3. Nc3 e5 4. dxe5 dxe5 5. Qxd8+ Kxd8 6. Bc4 Ke8 7. Nf3 Bd6 8. Bd2 a6 9. a4 Nc6 10. Ng5 Rf8 11. Nd5 Nd4 12. Rc1 Nxd5 13. Bxd5 c6 14. c3 cxd5 15. cxd4 f6 16. Nf3 dxe4 17. dxe5 fxe5 18. Ng5 Bf5 19. 0-0 h6 20. Nh3 Ke7 21. Kh1 Rac8 22. Ng1 Rxc1 23. Rxc1 Rc8 24. Rxc8 Bxc8 25. Ne2 Bd7 26. a5 Ke6 27. Ng3 Kd5 28. Kg1 Bb5 29. Nf5 Bf8 30. Bc3 Ke6 31. Ne3 Bc5 32. b4 Bd4 33. Bd2 Be2 34. h4 h5 35. Kh2 g6 36. Kh3 Kd6 37. Be1 Kc6 38. g4 Bxg4+ 39. Nxg4 hxg4+ 40. Kxg4 e3 41. fxe3 Bxe3 42. Kf3 Bd4 43. Ke4 Kd6 44. Bd2 Bf2 45. Bc3 Bg3 46. Bb2 Ke6 47. Bc3 Bxh4 48. Bxe5 Be1 0-1

[Event "Lido degli Estensi op 3rd"]
[Site "Lido degli Estensi"]
[Date "2002.06.10"]
[Round "3"]
[White "Costantini, Laura"]
[Black "Trabert, Bettina"]
[Result "0-1"]
[WhiteElo "2058"]
[BlackElo "2291"]
[PlyCount "86"]
[EventDate "2002.06.07"]
[EventType "swiss"]
[EventRounds "9"]
[EventCountry "ITA"]
[SourceTitle "CBM 088 Extra"]
[Source "ChessBase"]
[SourceDate "2002.07.01"]
[SourceVersion "2"]
[SourceVersionDate "2002.07.01"]
[SourceQuality "1"]

1. e4 e5 2. Nf3 Nc6 3. d4 exd4 4. Nxd4 Bb4+ 5. c3 Bc5 6. Be3 Bb6 7. Nd2 Nf6 8. Bc4 0-0 9. 0-0 Nxd4 10. cxd4 d5 11. exd5 Nxd5 12. Nf3 Bg4 13. Bd3 Re8 14. Re1 Qf6 15. Qc2 Bxf3 16. gxf3 Nxe3 17. fxe3 Qxf3 18. Qf2 Qxf2+ 19. Kxf2 Re7 20. Bc4 Rae8 21. Rad1 Kf8 22. Kf3 f5 23. Re2 g6 24. b4 c6 25. Rde1 Kg7 26. a3 Kf6 27. Rg1 g5 28. h3 h5 29. Rge1 g4+ 30. Kg2 Kg5 31. Bd3 Bc7 32. hxg4 hxg4 33. Rg1 f4 34. exf4+ Bxf4 35. Rxe7 Rxe7 36. b5 Re3 37. Rd1 Rg3+ 38. Kf2 cxb5 39. Bxb5 Rxa3 40. d5 Bd6 41. Kg2 Ra2+ 42. Kg1 Bc5+ 43. Kh1 g3 0-1

[Event "ITA-ch (Women)"]
[Site "Bratto"]
[Date "2002.??.??"]
[Round "6"]
[White "Costantini, Laura"]
[Black "Decataldo, Alba"]
[Result "1-0"]
[WhiteElo "2047"]
[BlackElo "1899"]
[PlyCount "121"]
[EventDate "2002.08.21"]
[EventType "swiss"]
[EventRounds "9"]
[EventCountry "ITA"]
[SourceTitle "EXT 2003"]
[Source "ChessBase"]
[SourceDate "2002.11.25"]
[SourceVersion "1"]
[SourceVersionDate "2002.11.25"]
[SourceQuality "1"]

1. e4 e5 2. Nf3 Nc6 3. d4 exd4 4. Nxd4 Bc5 5. Be3 Qf6 6. c3 Nge7 7. Bc4 0-0 8. 0-0 Bb6 9. Kh1 Ne5 10. Be2 d6 11. Nd2 N7g6 12. a4 a6 13. a5 Ba7 14. f4 Nc6 15. N2b3 Bd7 16. Bd3 Rae8 17. Qd2 h6 18. Rf3 Nxd4 19. Nxd4 c5 20. Ne2 Bc6 21. Ng3 Qd8 22. f5 Ne5 23. Bxh6 Qh4 24. Bg5 Nxf3 25. gxf3 Qh7 26. f6 c4 27. fxg7 Kxg7 28. Bh6+ Kg8 29. Bxc4 Qg6 30. Bxf8 Rxf8 31. Bd5 Kh7 32. Bxc6 bxc6 33. Rd1 Rb8 34. Qxd6 Qg5 35. Qd2 Be3 36. Qc2 Bf4 37. Rg1 Rd8 38. e5+ Kh8 39. Nf1 Qh4 40. Qg2 Qh6 41. Qe2 Qh5 42. Ng3 Qh3 43. Ne4 Qh6 44. Nf6 Bg5 45. Qg2 Bxf6 46. exf6 Kh7 47. Qg7+ Qxg7 48. fxg7 Kg8 49. h4 Rd5 50. b4 Rd3 51. Rg3 Rxc3 52. h5 Rd3 53. h6 Rd8 54. f4 Kh7 55. f5 Rg8 56. f6 Rd8 57. Kg2 Rg8 58. Kf3 Rd8 59. Ke4 Kg8 60. h7+ Kxh7 61. Rh3+ 1-0